| 000 | 02089nam a2200361 a 4500 | ||
|---|---|---|---|
| 999 |
_c35205 _d35205 |
||
| 003 | BLK | ||
| 005 | 20250225005543.0 | ||
| 008 | 180408b bul|||||r ||||||| ||bul|| | ||
| 010 | _aKNG00037930000 | ||
| 040 | _aBLK | ||
| 041 |
_aBUL _cBUL |
||
| 072 | 7 |
_2bullib _aА _xФонд Михаил Арнаудов |
|
| 080 |
_aБългарска литература _b821.163.2 _x-8 _z821.163.2-8 |
||
| 100 |
_aБотев, Христо _d1848 - 1876 _qПетков, Христо Ботев _eпърви автор _9364222 |
||
| 139 |
_aБотев, Христо _bБ 70 |
||
| 245 | 1 | 0 |
_aСъчинения _cХристо Ботев; нова ред. Иванка Христова Ботева-Христова; нова ред. Иван Георгиев Клинчаров. |
| 257 | _aBGR | ||
| 260 |
_bИзд. ред. _c1907 _fСофия : Държ. печ. _aСофия |
||
| 300 |
_aХІV, 487 с. _bс ил., портр., факс. _c23 см _e1 л. : календар |
||
| 380 | _aX | ||
| 490 |
_9396381 _aЧастна колекция - Академик Михаил Арнаудов _gДарение - Основен фонд |
||
| 500 | _aКн. съдържа писмото на Хр. Ботйова до жена му Венета, биогр. чертици за Иванка Хр. Ботйова. - Фонд Михаил Арнаудов - съдържа инициали на Михаил Арнаудов ; Датиране на кн.: февруарий 1907 ; Подчертавания в текста и бележки: с. 5, 7, 31, 341-374, 378-381, 398. - Твърда подв. | ||
| 659 | _aА | ||
| 700 | 1 |
_aБотева-Христова, Иванка Христова _eнова ред. _9274180 |
|
| 700 | 1 |
_aКлинчаров, Иван Георгиев _eнова ред. _9274181 |
|
| 852 |
_aЦб 304882 _bЦб |
||
| 852 |
_aЦб 304883 _bЦб |
||
| 852 |
_aЦб МА 1929 _bМА |
||
| 852 |
_aЦб 8.235.34614 _bЦб |
||
| 942 |
_cKNG _n0 _s1 _01 |
||
| 944 |
_aCR _c06.01.2017 _k _lCRON CRON |
||
| 944 |
_aED _c2021-08-20 _kРенета Константинова |
||